000
00306nam a2200097Ia 4500
008
201231s9999 xx 000 0 und d
100
_a
Chang, Richard Y
245
0
_a
Meetings that works -practical guide : A practical guide to shorter and more productive meetings
260
_a
London
_b
Kogan Page
942
_c
BK
999
_c
9298
_d
9298